000 01313nam a22002777a 4500
005 20240530110343.0
008 141120s2005 ua o gr 000 0dara d
017 _a15284/2005
_2مصر . دار الكتب المصرية
040 _aEG-CaGPL
082 0 4 _221
_a956.531\
_bد د
100 1 _aديجورج ، جيرار
245 1 0 _aدمشق من عصور ما قبل التاريخ الى الدوله المملوكية /
_cتاليف جيرار ديجورج ؛ ترجمة محمد رفعت عواد ؛ مراجعة وتقديم محمود ماهر طه
250 _aط1
260 _aالقاهرة :
_bالمشروع القومى للترجمة ،
_c2005
300 _a238 ص :
_bايض ؛
_c24 سم
504 _aببليوجرافية : ص 239 - 258
651 0 4 _aدمشق القديمة
_xتاريخ
651 0 4 _aدمشق القديمة
_xتاريخ
_yالعصر الاموى
651 0 4 _aدمشق القديمة
_xتاريخ
_yالعصر العباسى
651 0 4 _aدمشق القديمة
_xتاريخ
_yعصر السلاجقة
651 0 4 _aدمشق القديمة
_xتاريخ
_yعصر المماليك
700 0 _aمحمد رفعت عواد
_eمترجم
700 0 _aمحمود ماهر طه
_eمراجع ومقدم
942 _2ddc
_cBK
999 _c59915
_d59915